000
00218nam a2200097Ia 4500
008
190216s9999||||xx |||||||||||||| ||und||
100
_a
Bhusan Y K
245
0
_a
Modern Business Organization
260
_b
Null
942
_c
BK
999
_c
3971
_d
3971